| 000 | 00724nam a22001937a 4500 | ||
|---|---|---|---|
| 005 | 20251108170814.0 | ||
| 008 | 250721s1989 xx 000 0 ara d | ||
| 082 | 1 | 4 | _a614.07/فلا |
| 100 | 1 | _aفلاهد، د | |
| 245 | 1 | 0 |
_aقيادة الرعاية الصحية الأولية : _bتعريف مستوياتها و وظائفها و متطلباتها / |
| 264 | 1 |
_aالإسكندرية : _bمنظمة الصحة العالمية - المكتب الإقليمي، _c1989. |
|
| 300 | _a87ص | ||
| 490 | 0 | _aبحوث الصحة العامة ؛ 82 | |
| 650 | 1 | 7 | _aالرعاية الصحية الأولية |
| 650 | 1 | 7 | _aالمراكز الصحية |
| 700 | 1 | _aرويمر، أ | |
| 942 |
_2ddc _cBK |
||
| 999 |
_c49402 _d49402 |
||